Girls' schooling, women's autonomy, and fertility change in South Asia / (Record no. 9275)

MARC details
000 -LEADER
fixed length control field 01604pam a2200349 a 4500
001 - CONTROL NUMBER
control field 2561553
003 - CONTROL NUMBER IDENTIFIER
control field OSt
005 - DATE AND TIME OF LATEST TRANSACTION
control field 20240723121911.0
008 - FIXED-LENGTH DATA ELEMENTS--GENERAL INFORMATION
fixed length control field 950811s1996 ii a b 101 0 eng
010 ## - LIBRARY OF CONGRESS CONTROL NUMBER
LC control number 95035991
020 ## - INTERNATIONAL STANDARD BOOK NUMBER
International Standard Book Number 8170365104 (India : hb)
020 ## - INTERNATIONAL STANDARD BOOK NUMBER
International Standard Book Number 0803992769 (US : hb)
040 ## - CATALOGING SOURCE
Original cataloging agency MUST LIB
Transcribing agency MUST
Modifying agency MUST
043 ## - GEOGRAPHIC AREA CODE
Geographic area code az-----
050 00 - LIBRARY OF CONGRESS CALL NUMBER
Classification number HB1046.5.A3
Item number G56 1996
082 00 - DEWEY DECIMAL CLASSIFICATION NUMBER
Classification number 305.42
Edition number 20
Item number GIR
245 00 - TITLE STATEMENT
Title Girls' schooling, women's autonomy, and fertility change in South Asia /
Statement of responsibility, etc. edited by Roger Jeffery and Alaka M. Basu.
260 ## - PUBLICATION, DISTRIBUTION, ETC. (IMPRINT)
Place of publication, distribution, etc. New Delhi ;
-- Thousand Oaks :
Name of publisher, distributor, etc. Sage Publications in association with the Book Review Literary Trust, New Delhi,
Date of publication, distribution, etc. 1996.
300 ## - PHYSICAL DESCRIPTION
Extent 339 p. :
Other physical details ill. ;
Dimensions 22 cm.
500 ## - GENERAL NOTE
General note Papers originally presented at a workshop held in New Delhi in April 1993.
504 ## - BIBLIOGRAPHY, ETC. NOTE
Bibliography, etc Includes bibliographical references (p. [323]-337) and index.
650 #0 - SUBJECT ADDED ENTRY--TOPICAL TERM
Topical term or geographic name as entry element Fertility, Human
General subdivision Social aspects
Geographic subdivision South Asia
General subdivision Congresses.
9 (RLIN) 18959
650 #0 - SUBJECT ADDED ENTRY--TOPICAL TERM
Topical term or geographic name as entry element Women
General subdivision Education
Geographic subdivision South Asia
General subdivision Congresses.
9 (RLIN) 18960
650 #0 - SUBJECT ADDED ENTRY--TOPICAL TERM
Topical term or geographic name as entry element Women
Geographic subdivision South Asia
General subdivision Social conditions
-- Congresses.
9 (RLIN) 18961
700 1# - ADDED ENTRY--PERSONAL NAME
Personal name Jeffery, Roger.
9 (RLIN) 18962
700 1# - ADDED ENTRY--PERSONAL NAME
Personal name Basu, Alaka Malwade.
9 (RLIN) 18963
856 42 - ELECTRONIC LOCATION AND ACCESS
Materials specified Publisher description
Uniform Resource Identifier http://www.loc.gov/catdir/enhancements/fy0657/95035991-d.html
856 41 - ELECTRONIC LOCATION AND ACCESS
Materials specified Table of contents only
Uniform Resource Identifier http://www.loc.gov/catdir/enhancements/fy0657/95035991-t.html
906 ## - LOCAL DATA ELEMENT F, LDF (RLIN)
a 7
b cbc
c orignew
d 1
e ocip
f 19
g y-gencatlg
942 ## - ADDED ENTRY ELEMENTS (KOHA)
Source of classification or shelving scheme Dewey Decimal Classification
Koha item type Open Shelf
Holdings
Withdrawn status Lost status Source of classification or shelving scheme Damaged status Not for loan Home library Current library Date acquired Source of acquisition Inventory number Total Checkouts Full call number Barcode Date last seen Price effective from Koha item type
    Dewey Decimal Classification     MUST Main Library MUST Main Library 23/07/2024 Purchase 05/24052   305.42 GIR 2024-22132 23/07/2024 23/07/2024 Open Shelf
    Dewey Decimal Classification     MUST Main Library MUST Main Library 23/07/2024 Purchase 05/24053   305.42 GIR 2024-22133 23/07/2024 23/07/2024 Open Shelf
    Dewey Decimal Classification     MUST Main Library MUST Main Library 24/07/2024 Purchase 2005/24038   305.42 GIR 1996 2024-22170 24/07/2024 24/07/2024 Open Shelf